| 000 | 00358nam a2200145Ia 4500 | ||
|---|---|---|---|
| 008 | 231217s9999 xx 000 0 und d | ||
| 041 | _aEnglish | ||
| 082 | _a621.3811 DOR | ||
| 100 | _aDorf, Richard C Bishop, Robert H | ||
| 245 | 0 | _aModern control systems | |
| 250 | _a8th ed. | ||
| 260 |
_c1998 _bPearson _aDelhi |
||
| 300 | _axxiii+855 | ||
| 942 | _cAA | ||
| 999 |
_c176341 _d176341 |
||